| 000 | 00497nam a2200205Ia 4500 | ||
|---|---|---|---|
| 005 | 20240823025441.0 | ||
| 008 | 240823s9999||||xx |||||||||||||| ||und|| | ||
| 020 | _a978-81-89928-83-4 | ||
| 041 | _aENGLISH | ||
| 082 | _A625.7 P9 | ||
| 100 | _aSaxena S C | ||
| 245 | 2 | _aA Text Book of Railway Engineering | |
| 250 | _a7th | ||
| 260 |
_c2010 _b"Dhanpat Rai ,New" |
||
| 500 | _aTRANSFERED | ||
| 650 |
_aRailway Engineering _bCivil |
||
| 700 | _a Arora S P | ||
| 942 | _cBK | ||
| 999 |
_c186349 _d186349 |
||